000 00613nam a2200241Ia 4500
003 OSt
005 20221006144617.0
006 a|||||r|||| 00| 0
007 ta
008 221006b |||||||| |||| 00| 0 eng d
020 _c
_1.00
024 _a12,114
037 _cTextual
040 _aEASL
_cEASL
_beng
041 _2eng
_aeng
082 _aV41y7D33, K6
100 _aCRESPIGNY Rafe De
_9652413
245 0 _aBiograpgy of sun Chien
260 _aCanberra
_bCOS
_c1966
300 _a98p.
_ccm.
942 _hV41y7D33, K6
_cTEXL
_2CC
999 _c1080200
_d1080200